000 00897cam a2200313 a 4500
001 59889
003 CO-BoRNBP
005 20251111201653.0
007 ta
008 970815s1989 ck a r 00110 spa d
020 _a9580504415
040 _ala
_cla
041 0 _aspa
082 0 4 _aI613
_bC11m
_220 ed.
100 1 _aCabrera Carvajal, Alvaro.
_967052
245 1 3 _aEl médico en casa /
_cAlvaro.
250 _a1a. edición
300 _a78p. :
_bil. ;
_ccm.
336 _2rdacontent
_atexto
_btxt
337 _2rdamedia
_asin mediación
_bn
338 _2rdacarrier
_avolumen
_bnc
650 7 _aMedicina preventiva.
_2BLAAUTO
_966191
650 7 _aEmbarazo.
_2BLAAUTO
_967053
650 7 _aNiños
_x Cuidado e higiene.
_2BLAAUTO
_92729
650 7 _aPrimeros auxilios.
_2BLAAUTO
_912063
650 7 _aEnfermedades
_xTratamiento.
_2BLAAUTO
_966189
942 _2ddc
_cBK
949 _ac
_bn
999 _c59889
_d59889